000 00413nam a22001577a 4500
005 20251108170619.0
008 250721s1968 xx 000 0 eng d
082 1 4 _a930.4/GRI
100 1 _aGrimal, Pierre
245 1 0 _aHellenism and the rise of rome :
_bpierre crmimal /
264 1 _aLondon :
_bWeidenfeld &Nicolson,
_c1968.
300 _a418p.
650 1 7 _aBiography
942 _2ddc
_cREF
999 _c44819
_d44819